000 00715nam a2200217 a 4500
001 000043081
005 20201002040625.0
008 140218s2005 xxuaf 001 0 spa d
020 _a139780756613716
020 _a10075661371X
040 _aDO-SdBNP
_bspa
_cBNPHU
100 1 _aWalker, Richard
_970605
245 1 0 _aBody. /
_cRichard Walker; picture research Julia Harris-Vos; picture library Rose Horridge.
246 1 1 _aBody
_ban amazing tour of human anatomy
260 _aNew York, :
_bDK publishing,
_c2005.
300 _a96 p. :
_bil., lam. CD ;
_c32 cm.
500 _aIncluye índice
500 _aIncluye glosario
700 1 _aHarris-Vos, Julia
_eimag.
_970606
700 1 _aHorridge, Rose
_eimag.
_970607
999 _c42570
_d42570